| 000 | 01287cas a2200337 4500 | ||
|---|---|---|---|
| 008 | 750325c19749999waufr p aob 0 a0eng | ||
| 010 | _a 75641024 | ||
| 022 | _a095-6848 | ||
| 040 |
_aDLC _cDLC _dNSDP _dOCoLC _dNSDP _dNST _dAIP _dNSDP _dNST _dNSDP _dDLC _dNST _dMH _dMiU _dCU-S _dMH _dPBL _dOCoLC _dCU-S _dOCoLC _dNSDP _dNLGGC _dOCoLC _dHEBIS _dGBVCP _dWaU |
||
| 043 | _aa-ja--- | ||
| 050 | 0 | 0 |
_aDS801 _b.J7 |
| 092 | 4 |
_a952.005 _bJ864 _221 |
|
| 099 |
_a\4 _a952.005 J864 |
||
| 210 | 0 |
_aJ. Jpn. stud. _b(Print) |
|
| 222 | 0 |
_aJournal of Japanese studies _b(Print) |
|
| 245 | 0 | 4 | _aThe Journal of Japanese studies. |
| 260 |
_aSeattle, WA: _b(Thomson Hall DR-05,University of Washington) : Society for Japanese Studies, _c1974- |
||
| 300 |
_av. _c23 cm. |
||
| 310 | _aSemiannual | ||
| 362 | 0 | _av. 1- autumn 1974- | |
| 530 | _aAlso issued online. | ||
| 650 | 1 | 7 |
_aJapanologie. _2gtt |
| 651 | 0 |
_aJapan _vPeriodicals. |
|
| 710 | 2 | _aSociety for Japanese Studies. | |
| 776 | 0 | 8 |
_iOnline version: _tJournal of Japanese studies _w(OCoLC)679339064 |
| 776 | 1 |
_tJournal of Japanese studies (Online) _x1549-4721 _w(DLC) 2001227193 _w(OCoLC)47075600 |
|
| 905 |
_aJamal _eCat. |
||
| 905 | _eRev. | ||
| 942 |
_2ddc _cBK |
||
| 999 |
_c131329 _d131329 |
||